The catch by stationary gill net at floodplain area kampong chhnang province, ការនេសាទដោយមងពាក់តាមវាលទំនាបលិចទឹក ខេត្តកំពង់ឆ្នាំង (Record no. 4435)

000 -LEADER
fixed length control field 00596nam a22001577a 4500
003 - CONTROL NUMBER IDENTIFIER
control field OSt
005 - DATE AND TIME OF LATEST TRANSACTION
control field 20151212142618.0
008 - FIXED-LENGTH DATA ELEMENTS--GENERAL INFORMATION
fixed length control field 151212b xxu||||| |||| 00| 0 eng d
040 ## - CATALOGING SOURCE
Transcribing agency RUA
082 ## - DEWEY DECIMAL CLASSIFICATION NUMBER
Classification number ATM.s MOB 2004 B212 Or.1
100 ## - MAIN ENTRY--PERSONAL NAME
9 (RLIN) 4760
Personal name MOB, SAMON.
245 ## - TITLE STATEMENT
Title The catch by stationary gill net at floodplain area kampong chhnang province, ការនេសាទដោយមងពាក់តាមវាលទំនាបលិចទឹក ខេត្តកំពង់ឆ្នាំង
260 ## - PUBLICATION, DISTRIBUTION, ETC. (IMPRINT)
Place of publication, distribution, etc. Phnom Penh
Name of publisher, distributor, etc. RUA
Date of publication, distribution, etc. 2004
300 ## - PHYSICAL DESCRIPTION
Extent vii; 43p.
Other physical details ill.
Dimensions 29cm.
942 ## - ADDED ENTRY ELEMENTS (KOHA)
Source of classification or shelving scheme
Koha item type ATM.s
Holdings
Price effective from Date last seen Permanent Location Not for loan Date acquired Source of classification or shelving scheme Koha item type Barcode Lost status Damaged status Shelving location Withdrawn status Current Location Full call number
2015-12-122015-12-12Library Block B 2015-12-12 ATM.sRUA033579  B212 Library Block BATM.s MOB 2004 B212 Or.1
2015-12-122015-12-12Library Block B 2015-12-12 ATM.sRUA034675  B212 Library Block BATM.s MOB 2004 B212 Or.2
2015-12-122015-12-12Library Block B 2015-12-12 ATM.sRUA034785  B212 Library Block BATM.s MOB 2004 B212 Or.3
2015-12-122015-12-12Library Block B 2015-12-12 ATM.sRUA033977  B212 Library Block BATM.s MOB 2004 B212 Or.4
2015-12-122015-12-12Library Block B 2015-12-12 ATM.sRUA034670  B212 Library Block BATM.s MOB 2004 B212 Or.5
2015-12-122015-12-12Library Block B 2015-12-12 ATM.sRUA033915  B212 Library Block BATM.s MOB 2004 B212 Or.6
2015-12-122015-12-12Library Block B 2015-12-12 ATM.sRUA033433  B212 Library Block BATM.s MOB 2004 B212 Or.7
មជ្ឈមណ្ឌលឯការនៃសាកលវិទ្យាល័យភូមិន្ទកសិកម្មចំការដូង

Powered by Koha